<?xml version="1.0" encoding="UTF-8"?>
<marc:record xmlns:marc="http://www.loc.gov/MARC21/slim">
   <marc:leader>00000nam a2200000 a 4500</marc:leader>
   <marc:datafield ind1=" " ind2=" " tag="653">
      <marc:subfield code="a">DVD-Video</marc:subfield>
   </marc:datafield>
   <marc:datafield ind1=" " ind2=" " tag="653">
      <marc:subfield code="a">Literaturverfilmung</marc:subfield>
   </marc:datafield>
   <marc:datafield ind1=" " ind2=" " tag="653">
      <marc:subfield code="a">Cartoon: Animationsfilm, Zeichentrick- und Puppenfilm (Spielfilme auf DVD)</marc:subfield>
   </marc:datafield>
   <marc:datafield ind1=" " ind2=" " tag="653">
      <marc:subfield code="a">TV-Serien, Miniserien</marc:subfield>
   </marc:datafield>
   <marc:datafield ind1="0" ind2="0" tag="245">
      <marc:subfield code="a">Die wilden Kerle 7 Staffel 2</marc:subfield>
   </marc:datafield>
   <marc:datafield ind1="0" ind2="0" tag="245">
      <marc:subfield code="b">Auf zum Champions Cup</marc:subfield>
   </marc:datafield>
   <marc:datafield ind1=" " ind2="1" tag="264">
      <marc:subfield code="b">Edel Germany GmbH</marc:subfield>
      <marc:subfield code="c">2014</marc:subfield>
   </marc:datafield>
   <marc:datafield ind1="1" ind2=" " tag="490">
      <marc:subfield code="a">Wilden Kerle</marc:subfield>
   </marc:datafield>
   <marc:datafield ind1="1" ind2=" " tag="520">
      <marc:subfield code="a"> Episoden 14 und 15 der 26-teiligen Saga
 Regisseur(e): Mike Maurus. Nach den Büchern von von Joachim Masannek und Jan Birck.
 Im Mittelpunkt der Fußball-Saga stehen Leon, Marlon, Raban, Markus und Jojo - "Die wilden Kerle". Die fünf freuen sich darauf, nach einem langen Winter endlich wieder auf den Bolzplatz zu können, denn Fußball ist ihr Leben. Doch auf dem Bolzplatz haben sich "Die unbesiegbaren Sieger", die Bande vom dicken Michi, breit gemacht. "Die wilden Kerle" fordern "Die unbesiegbaren Sieger" zum ultimativen Duell. In einem spektakulären Match bezwingen "Die wilden Kerle" den unbezwingbar scheinenden Gegner, doch auf die Mannschaft, zu der bald auch der neue Mitschüler Deniz und, als einziges Mädchen, die hübsche Vanessa gehören, warten noch ganz andere Probleme.
Episode 14: Licht am Horizont
Episode 15: Das Geheimerfinderphantom</marc:subfield>
   </marc:datafield>
   <marc:datafield ind1="3" ind2=" " tag="024">
      <marc:subfield code="a">4029759092735</marc:subfield>
   </marc:datafield>
</marc:record>
